埼玉県の市町村人口ランキング - Statistics

General Stats
  • This quiz has been taken 154 times
  • The average score is 27 of 63
Answer Stats
Hint Answer % Correct
さいたま市 1,350,069
100%
川口市 595,065
100%
川越市 354,775
95%
所沢市 341,238
93%
越谷市 339,082
91%
草加市 249,858
83%
春日部市 226,503
77%
上尾市 227,843
75%
熊谷市 190,756
68%
新座市 166,061
59%
久喜市 148,904
58%
狭山市 147,157
54%
朝霞市 143,988
52%
入間市 142,518
49%
戸田市 142,159
47%
深谷市 139,354
45%
三郷市 141,196
42%
鴻巣市 116,370
42%
和光市 84,739
40%
北葛飾郡 松伏町 27,316
40%
ふじみ野市 113,515
39%
秩父郡 東秩父村 2,416
39%
富士見市 113,211
38%
北足立郡 伊奈町 45,001
38%
加須市 110,809
37%
幸手市 48,592
37%
北葛飾郡 杉戸町 43,152
37%
桶川市 73,755
36%
白岡市 52,345
36%
坂戸市 99,646
35%
八潮市 94,266
35%
志木市 75,086
35%
蕨市 74,905
35%
入間郡 三芳町 37,665
35%
南埼玉郡 宮代町 33,660
35%
飯能市 79,429
34%
本庄市 77,699
34%
秩父郡 横瀬町 7,508
34%
秩父郡 長瀞町 6,354
34%
秩父市 56,003
33%
羽生市 52,248
33%
東松山市 92,517
32%
行田市 76,495
32%
北本市 64,534
32%
蓮田市 61,173
32%
鶴ヶ島市 70,162
31%
児玉郡 上里町 29,925
31%
大里郡 寄居町 31,207
30%
日高市 53,463
29%
入間郡 毛呂山町 34,389
29%
比企郡 小川町 27,010
29%
比企郡 ときがわ町 9,919
29%
秩父郡 小鹿野町 9,844
29%
吉川市 71,326
28%
比企郡 嵐山町 17,653
28%
比企郡 鳩山町 12,952
27%
児玉郡 神川町 12,754
27%
比企郡 滑川町 19,983
26%
入間郡 越生町 10,447
26%
比企郡 川島町 18,405
25%
比企郡 吉見町 17,244
25%
秩父郡 皆野町 8,775
25%
児玉郡 美里町 10,693
23%
No matching quizzes found
Score Distribution
Percent of People with Each Score
Percentile by Number Answered
Your Score History
You have not taken this quiz